000 01288nam a22002777a 4500
005 20100803115528.0
008 100412t xxu||||| |||| 00| 0 ur d
020 _c100.00
_a9788182236042
035 _aB-395275
037 _bEducational Publishing House
040 _adpl
_bur
082 _a841.08
100 _9616
245 _a‌‌‌مقالات طرزی /
_cمرتبھ، مجیراحمد آزاد
_b
246 _a‏Maqulat -E- Tarzi /
_bedited by Mojeer Ahmad Azad
260 _a دلّی
_bايجو کيشنل پبلشنگ ہاؤس
_c2009
270 _a3108,VakilStreet, Kucha Pandit, Lal Kuan
_b Delhi
_e110006
_k23216162, 23214465
_minfo@ephbooks.com,ephdelhi@yahoo.com
_l0091-11-23211540
300 _a120 ص
_c22 س م (Hb)
500 _a
600 _aکہا نی
_9966
600 _aStory
_9967
700 _94765
942 _2ddc
_cUR
_h841.08
_mط ر ز
999 _c38899
_d38899